Top 10 US states with the most farms - Statistics

General Stats
  • This quiz has been taken 43 times
  • The average score is 8 of 10
Answer Stats
# of farms State % Correct
62k California
100%
231k Texas
100%
86k Iowa
97%
70k Illinois
92%
75k Ohio
92%
63k Tennessee
92%
70k Oklahoma
84%
69k Kentucky
81%
87k Missouri
43%
65k Minnesota
41%
No matching quizzes found
Score Distribution
Percent of People with Each Score
Percentile by Number Answered
Your Score History
You have not taken this quiz